000 00334nam a2200133Ia 4500
008 100328s9999 xx 000 0 und d
082 _b60242
100 _aपवार दया.
245 _aबलुतं.
260 _bगं्रथाली.
630 _aबलुतं.
730 _aबलुतं.
942 _cBOOK
999 _c546404
_d546401